[Event "WYCC Open U12"]
[Site "Porto Carras"]
[Date "2015.10.29"]
[Round "5.3"]
[White "Hong, Andrew Z"]
[Black "Liang, Awonder"]
[Result "1-0"]
[BlackElo "2365"]
[WhiteElo "2136"]
[LiveChessVersion "1.4.6"]

1. e4 {[%clk 1:30:56]} c5 {[%clk 1:30:53]} 2. Nf3 {[%clk 1:31:17]} d6
{[%clk 1:31:16]} 3. d4 {[%clk 1:31:28]} cxd4 {[%clk 1:31:42]} 4. Nxd4
{[%clk 1:31:48]} Nf6 {[%clk 1:32:07]} 5. Nc3 {[%clk 1:31:58]} Nc6
{[%clk 1:32:24]} 6. h3 {[%clk 1:32:09]} g6 {[%clk 1:28:37]} 7. Be3
{[%clk 1:31:38]} Bg7 {[%clk 1:27:00]} 8. Qd2 {[%clk 1:31:24]} O-O
{[%clk 1:18:25]} 9. O-O-O {[%clk 1:30:58]} Nxd4 {[%clk 1:16:41]} 10. Bxd4
{[%clk 1:30:53]} Bd7 {[%clk 1:15:00]} 11. g4 {[%clk 1:26:38]} Qa5
{[%clk 1:04:12]} 12. g5 {[%clk 1:20:57]} Nh5 {[%clk 1:04:00]} 13. Bxg7
{[%clk 1:19:51]} Nxg7 {[%clk 1:04:20]} 14. Kb1 {[%clk 1:13:26]} Rfc8
{[%clk 1:00:41]} 15. Be2 {[%clk 1:10:34]} Be6 {[%clk 0:47:49]} 16. Bg4
{[%clk 1:08:53]} Rc5 {[%clk 0:34:03]} 17. Bxe6 {[%clk 1:01:50]} fxe6
{[%clk 0:34:23]} 18. f4 {[%clk 0:58:40]} Rac8 {[%clk 0:31:28]} 19. h4
{[%clk 0:51:44]} b5 {[%clk 0:27:20]} 20. Rc1 {[%clk 0:46:16]} R8c6
{[%clk 0:23:10]} 21. Qe1 {[%clk 0:41:56]} b4 {[%clk 0:20:14]} 22. Nd1
{[%clk 0:40:15]} Nh5 {[%clk 0:15:30]} 23. Rf1 {[%clk 0:36:33]} Ra6
{[%clk 0:14:01]} 24. a3 {[%clk 0:36:17]} Rc4 {[%clk 0:13:14]} 25. c3
{[%clk 0:30:23]} bxa3 {[%clk 0:13:29]} 26. b3 {[%clk 0:29:15]} Qb5
{[%clk 0:12:34]} 27. Ka2 {[%clk 0:29:04]} Rxe4 {[%clk 0:10:51]} 28. Qxe4
{[%clk 0:29:03]} Qxf1 {[%clk 0:11:16]} 29. Qxe6+ {[%clk 0:28:21]} Kf8
{[%clk 0:11:40]} 30. Rc2 {[%clk 0:26:17]} Ng3 31. Ne3 {[%clk 0:23:23]} Qd3
{[%clk 0:07:12]} 32. f5 {[%clk 0:21:50]} Nxf5 {[%clk 0:07:08]} 33. Rf2
{[%clk 0:18:17]} Ra5 {[%clk 0:06:46]} 34. Ng4 {[%clk 0:14:58]} Qd5
{[%clk 0:04:07]} 35. Qc8+ {[%clk 0:14:10]} Kg7 {[%clk 0:04:32]} 36. Nf6
{[%clk 0:12:15]} Rc5 {[%clk 0:04:04]} 37. Qd8 {[%clk 0:07:08]} Qe6
{[%clk 0:03:00]} 38. Nd7 {[%clk 0:06:46]} Qf7 {[%clk 0:03:21]} 39. Nxc5
{[%clk 0:07:01]} dxc5 {[%clk 0:03:50]} 40. Qd3 {[%clk 0:36:14]} Qe6
{[%clk 0:31:45]} 41. h5 {[%clk 0:32:05]} Qe1 {[%clk 0:31:24]} 42. Re2
{[%clk 0:29:51]} Qc1 {[%clk 0:31:41]} 43. h6+ {[%clk 0:28:24]} Kf8
{[%clk 0:31:54]} 44. Qd8+ {[%clk 0:28:12]} Kf7 {[%clk 0:32:23]} 45. Qh8
{[%clk 0:27:50]} c4 {[%clk 0:31:29]} 46. Qxh7+ {[%clk 0:27:40]} Kf8
{[%clk 0:31:52]} 47. Qh8+ {[%clk 0:27:44]} Kf7 {[%clk 0:32:21]} 48. bxc4
{[%clk 0:26:27]} Qf1 {[%clk 0:32:45]} 49. Qe5 {[%clk 0:26:11]} Ng3
{[%clk 0:32:47]} 50. Qxe7+ {[%clk 0:26:12]} 1-0

[Event "WYCC Open U12"]
[Site "Porto Carras"]
[Date "2015.10.29"]
[Round "5.4"]
[White "Budisavljevic, Luka"]
[Black "Keymer, Vincent"]
[Result "1-0"]
[BlackElo "2347"]
[WhiteElo "2093"]
[LiveChessVersion "1.4.6"]

1. d4 {[%clk 1:30:54]} Nf6 {[%clk 1:30:57]} 2. Nf3 {[%clk 1:31:10]} e6
{[%clk 1:31:22]} 3. e3 {[%clk 1:31:26]} b6 {[%clk 1:31:44]} 4. Bd3
{[%clk 1:31:32]} Bb7 {[%clk 1:32:10]} 5. O-O {[%clk 1:31:45]} d5 {[%clk 1:32:38]}
6. b3 {[%clk 1:31:26]} Bd6 {[%clk 1:33:01]} 7. c4 {[%clk 1:29:24]} O-O
{[%clk 1:32:51]} 8. cxd5 {[%clk 1:28:23]} exd5 {[%clk 1:33:06]} 9. Ba3
{[%clk 1:28:14]} c5 {[%clk 1:27:03]} 10. Ne5 {[%clk 1:09:42]} Qe7
{[%clk 1:25:40]} 11. f4 {[%clk 1:09:06]} Nbd7 {[%clk 1:22:09]} 12. Nd2
{[%clk 0:56:46]} Rad8 {[%clk 1:14:54]} 13. Bf5 {[%clk 0:47:12]} g6
{[%clk 1:11:38]} 14. Bd3 {[%clk 0:42:51]} Ne4 {[%clk 1:08:00]} 15. Qc2
{[%clk 0:38:31]} Nxd2 {[%clk 0:45:50]} 16. Qxd2 {[%clk 0:38:46]} Nb8
{[%clk 0:44:11]} 17. Rf3 {[%clk 0:28:45]} f6 {[%clk 0:36:09]} 18. Nxg6
{[%clk 0:22:04]} hxg6 {[%clk 0:36:33]} 19. Bxg6 {[%clk 0:22:30]} Rf7
{[%clk 0:29:46]} 20. Bxf7+ {[%clk 0:22:44]} Qxf7 {[%clk 0:30:06]} 21. dxc5
{[%clk 0:19:44]} bxc5 {[%clk 0:30:09]} 22. Rc1 {[%clk 0:20:01]} Qe7
{[%clk 0:24:59]} 23. Qd3 {[%clk 0:20:10]} Kf8 {[%clk 0:21:19]} 24. Rh3
{[%clk 0:20:00]} Qg7 {[%clk 0:18:22]} 25. Rh7 {[%clk 0:20:10]} Ba6
{[%clk 0:18:28]} 26. Qf5 {[%clk 0:19:14]} Bc8 {[%clk 0:18:18]} 27. Qh5
{[%clk 0:18:08]} Bg4 {[%clk 0:17:58]} 28. Qh4 {[%clk 0:17:17]} Qg6
{[%clk 0:17:36]} 29. Rh6 {[%clk 0:17:40]} Qg7 {[%clk 0:16:20]} 30. Rh8+
{[%clk 0:18:04]} Ke7 {[%clk 0:16:47]} 31. Rh7 {[%clk 0:18:28]} 1-0

[Event "WYCC Open U12"]
[Site "Porto Carras"]
[Date "2015.10.29"]
[Round "5.5"]
[White "Sahidi, Samir"]
[Black "Gharibyan, Mamikon"]
[Result "0-1"]
[BlackElo "2106"]
[WhiteElo "2244"]
[LiveChessVersion "1.4.6"]

1. c4 {[%clk 1:30:43]} Nf6 {[%clk 1:30:53]} 2. Nf3 {[%clk 1:30:34]} e6
{[%clk 1:31:02]} 3. g3 {[%clk 1:30:44]} b6 {[%clk 1:31:19]} 4. Bg2
{[%clk 1:30:15]} Bb7 {[%clk 1:31:44]} 5. O-O {[%clk 1:30:11]} c5 {[%clk 1:32:00]}
6. Nc3 {[%clk 1:29:46]} d6 {[%clk 1:30:52]} 7. d4 {[%clk 1:27:48]} cxd4
{[%clk 1:31:05]} 8. Qxd4 {[%clk 1:27:33]} a6 {[%clk 1:31:09]} 9. Bg5
{[%clk 1:24:48]} Nbd7 {[%clk 1:28:38]} 10. Rfd1 {[%clk 1:20:15]} Be7
{[%clk 1:28:02]} 11. Bxf6 {[%clk 1:18:14]} Nxf6 {[%clk 1:27:30]} 12. Rac1
{[%clk 1:16:55]} O-O {[%clk 1:27:01]} 13. e4 {[%clk 1:04:29]} e5 {[%clk 0:59:13]}
14. Qe3 {[%clk 1:00:48]} Qc7 {[%clk 0:56:54]} 15. Nd5 {[%clk 0:58:49]} Nxd5
{[%clk 0:50:52]} 16. cxd5 {[%clk 0:58:56]} Qd8 {[%clk 0:51:11]} 17. Bh3
{[%clk 0:59:00]} b5 {[%clk 0:49:37]} 18. b4 {[%clk 0:50:14]} a5 {[%clk 0:40:16]}
19. a3 {[%clk 0:50:14]} axb4 {[%clk 0:39:28]} 20. axb4 {[%clk 0:49:41]} Ra4
{[%clk 0:39:16]} 21. Rb1 {[%clk 0:48:37]} Qa8 {[%clk 0:35:53]} 22. Bd7
{[%clk 0:43:37]} Ba6 {[%clk 0:32:55]} 23. Bc6 {[%clk 0:38:28]} Qb8
{[%clk 0:29:46]} 24. Ra1 {[%clk 0:37:47]} Bd8 {[%clk 0:23:43]} 25. Qb3
{[%clk 0:36:33]} Bb6 {[%clk 0:21:54]} 26. Rxa4 {[%clk 0:35:16]} bxa4
{[%clk 0:22:22]} 27. Qa2 {[%clk 0:34:03]} f5 {[%clk 0:21:20]} 28. Qc2
{[%clk 0:26:19]} fxe4 {[%clk 0:18:30]} 29. Qxe4 {[%clk 0:26:42]} Qa7
{[%clk 0:18:53]} 30. Rd2 {[%clk 0:26:36]} Bc8 {[%clk 0:18:55]} 31. Ra2
{[%clk 0:23:58]} Bf5 {[%clk 0:18:10]} 32. Qe1 {[%clk 0:18:09]} a3
{[%clk 0:16:33]} 33. Ng5 {[%clk 0:05:04]} Bd3 {[%clk 0:12:31]} 34. Qc3
{[%clk 0:02:03]} Rxf2 {[%clk 0:11:25]} 35. Rxf2 {[%clk 0:02:13]} Bxf2+
{[%clk 0:11:49]} 36. Kg2 {[%clk 0:02:25]} Bf1+ {[%clk 0:08:24]} 37. Kxf1
{[%clk 0:01:37]} a2 {[%clk 0:08:46]} 38. Ba4 {[%clk 0:01:54]} Bc5
{[%clk 0:07:54]} 39. Qa3 {[%clk 0:01:59]} Qa6+ {[%clk 0:07:37]} 40. Ke1
{[%clk 0:31:53]} Bxb4+ {[%clk 0:37:53]} 41. Qxb4 a1=Q+ 42. Bd1 {[%clk 0:31:41]}
Q1a5 {[%clk 0:38:38]} 43. Qxa5 {[%clk 0:25:40]} Qxa5+ {[%clk 0:39:00]} 44. Ke2
{[%clk 0:25:55]} Qxd5 {[%clk 0:39:09]} 45. Nf3 {[%clk 0:25:39]} e4
{[%clk 0:39:10]} 46. Nd2 {[%clk 0:25:37]} Qd3+ {[%clk 0:39:31]} 47. Ke1
{[%clk 0:26:01]} d5 {[%clk 0:39:53]} 48. Be2 {[%clk 0:24:57]} Qc3
{[%clk 0:40:02]} 49. Kd1 {[%clk 0:25:11]} e3 {[%clk 0:40:17]} 50. Nb1
{[%clk 0:24:59]} Qb3+ {[%clk 0:40:37]} 51. Kc1 {[%clk 0:25:18]} d4
{[%clk 0:41:03]} 52. Bd1 {[%clk 0:25:21]} Qc4+ {[%clk 0:40:52]} 53. Kb2
{[%clk 0:25:43]} e2 {[%clk 0:41:09]} 54. Bb3 {[%clk 0:25:36]} Qxb3+
{[%clk 0:41:33]} 55. Kxb3 {[%clk 0:26:00]} e1=Q {[%clk 0:41:55]} 56. Na3
{[%clk 0:24:48]} Qc3+ {[%clk 0:42:15]} 57. Ka2 {[%clk 0:25:04]} d3
{[%clk 0:42:41]} 58. Nb1 {[%clk 0:25:28]} Qc2+ {[%clk 0:43:01]} 0-1

[Event "WYCC Open U12"]
[Site "Porto Carras"]
[Date "2015.10.29"]
[Round "5.6"]
[White "Gines Esteo, Pedro Antonio"]
[Black "Henderson De La Fuente, Lance"]
[Result "1/2-1/2"]
[BlackElo "2180"]
[WhiteElo "2065"]
[LiveChessVersion "1.4.6"]

1. d4 {[%clk 1:30:57]} Nf6 {[%clk 1:30:53]} 2. Nf3 {[%clk 1:31:20]} e6
{[%clk 1:30:57]} 3. e3 {[%clk 1:31:39]} b6 {[%clk 1:31:12]} 4. Bd3
{[%clk 1:32:00]} Bb7 {[%clk 1:31:18]} 5. O-O {[%clk 1:32:19]} Ne4
{[%clk 1:30:34]} 6. Nbd2 {[%clk 1:32:10]} d5 {[%clk 1:30:06]} 7. Ne5
{[%clk 1:32:14]} Nxd2 {[%clk 1:29:10]} 8. Bxd2 {[%clk 1:32:13]} Bd6
{[%clk 1:28:24]} 9. c3 {[%clk 1:32:04]} O-O {[%clk 1:27:28]} 10. Re1
{[%clk 1:32:22]} Nd7 {[%clk 1:27:27]} 11. Nxd7 {[%clk 1:32:44]} Qxd7
{[%clk 1:27:52]} 12. e4 {[%clk 1:32:41]} dxe4 {[%clk 1:27:27]} 13. Bxe4
{[%clk 1:33:04]} c5 {[%clk 1:25:33]} 14. dxc5 {[%clk 1:32:53]} Bxc5
{[%clk 1:24:54]} 15. Bf4 {[%clk 1:32:57]} Qxd1 {[%clk 1:24:43]} 16. Raxd1
{[%clk 1:33:19]} Bxe4 {[%clk 1:24:51]} 17. Rxe4 {[%clk 1:33:42]} Rfd8
{[%clk 1:24:32]} 18. Ree1 {[%clk 1:34:03]} Rac8 {[%clk 1:24:09]} 19. Kf1
{[%clk 1:33:50]} Kf8 {[%clk 1:23:54]} 20. Ke2 {[%clk 1:34:07]} Ke7
{[%clk 1:23:32]} 21. f3 {[%clk 1:34:11]} Bd6 {[%clk 1:23:07]} 22. Bxd6+
{[%clk 1:32:27]} Rxd6 {[%clk 1:23:24]} 23. Rxd6 {[%clk 1:32:34]} Kxd6
{[%clk 1:23:39]} 24. Rd1+ {[%clk 1:32:42]} 1/2-1/2

[Event "WYCC Open U12"]
[Site "Porto Carras"]
[Date "2015.10.29"]
[Round "5.7"]
[White "Stoyanov, Tsvetan"]
[Black "Lukin, Elisha"]
[Result "1-0"]
[BlackElo "1995"]
[WhiteElo "2176"]
[LiveChessVersion "1.4.6"]

1. e4 {[%clk 1:30:56]} e6 {[%clk 1:30:55]} 2. d4 {[%clk 1:31:17]} d5
{[%clk 1:31:21]} 3. Nd2 {[%clk 1:31:43]} Nc6 {[%clk 1:31:39]} 4. c3
{[%clk 1:32:05]} e5 {[%clk 1:32:05]} 5. Bb5 {[%clk 1:19:43]} Nf6 {[%clk 1:25:57]}
6. Qe2 {[%clk 1:03:34]} Be6 {[%clk 1:20:37]} 7. Ngf3 {[%clk 1:00:46]} Nxe4
{[%clk 0:59:29]} 8. Nxe4 {[%clk 0:57:02]} dxe4 {[%clk 0:59:50]} 9. Nxe5
{[%clk 0:57:24]} a6 {[%clk 0:54:30]} 10. Nxc6 {[%clk 0:52:12]} Qd7
{[%clk 0:43:05]} 11. Ba4 {[%clk 0:52:08]} bxc6 {[%clk 0:42:07]} 12. Qxe4
{[%clk 0:52:28]} O-O-O {[%clk 0:42:14]} 13. Bxc6 {[%clk 0:52:25]} Qe7
{[%clk 0:41:42]} 14. Bb7+ {[%clk 0:51:21]} Kb8 {[%clk 0:42:06]} 15. Bxa6
{[%clk 0:51:36]} Bd5 {[%clk 0:40:48]} 16. Qxe7 {[%clk 0:49:57]} Bxe7
{[%clk 0:40:42]} 17. O-O {[%clk 0:49:45]} h5 {[%clk 0:39:52]} 18. Be3
{[%clk 0:48:44]} h4 {[%clk 0:39:50]} 19. Rfe1 {[%clk 0:48:21]} g5
{[%clk 0:38:34]} 20. Bf1 {[%clk 0:47:25]} g4 {[%clk 0:37:09]} 21. Bf4
{[%clk 0:45:48]} Rd7 {[%clk 0:31:55]} 22. Bb5 {[%clk 0:45:01]} Bd6
{[%clk 0:30:21]} 23. Bxd7 {[%clk 0:40:36]} Bxf4 {[%clk 0:30:43]} 24. Re8+ 1-0

[Event "WYCC Open U12"]
[Site "Porto Carras"]
[Date "2015.10.29"]
[Round "5.8"]
[White "Sanz Wawer, Daniel"]
[Black "Peng, David T"]
[Result "1-0"]
[BlackElo "2231"]
[WhiteElo "2016"]
[LiveChessVersion "1.4.6"]

1. e4 {[%clk 1:30:55]} c5 {[%clk 1:30:58]} 2. Nf3 {[%clk 1:31:04]} d6
{[%clk 1:31:24]} 3. d4 {[%clk 1:30:55]} cxd4 {[%clk 1:31:51]} 4. Qxd4
{[%clk 1:31:10]} a6 {[%clk 1:31:57]} 5. c4 {[%clk 1:30:31]} Nc6 {[%clk 1:31:09]}
6. Qe3 {[%clk 1:30:20]} Nf6 {[%clk 1:29:58]} 7. h3 {[%clk 1:30:13]} e6
{[%clk 1:25:02]} 8. Be2 {[%clk 1:27:37]} Be7 {[%clk 1:23:10]} 9. Nc3
{[%clk 1:24:43]} O-O {[%clk 1:22:35]} 10. O-O {[%clk 1:23:52]} Qc7
{[%clk 1:17:13]} 11. Rd1 {[%clk 1:20:39]} b6 {[%clk 1:12:04]} 12. b3
{[%clk 1:20:32]} Bb7 {[%clk 1:11:38]} 13. Bb2 {[%clk 1:19:43]} Nb8
{[%clk 1:08:59]} 14. Rac1 {[%clk 1:13:11]} Nbd7 {[%clk 1:08:07]} 15. b4
{[%clk 1:01:49]} Rac8 {[%clk 1:00:16]} 16. a3 {[%clk 0:57:11]} Qb8
{[%clk 0:50:51]} 17. Bd3 {[%clk 0:51:03]} Bd8 {[%clk 0:45:02]} 18. Ne2
{[%clk 0:41:23]} Bc7 {[%clk 0:40:57]} 19. Bb1 {[%clk 0:34:57]} Rfe8
{[%clk 0:36:57]} 20. Ng3 {[%clk 0:32:32]} h6 {[%clk 0:26:31]} 21. Rd2
{[%clk 0:30:46]} b5 {[%clk 0:17:26]} 22. cxb5 {[%clk 0:27:48]} axb5
{[%clk 0:17:22]} 23. Qe2 {[%clk 0:23:56]} d5 {[%clk 0:10:08]} 24. e5
{[%clk 0:21:23]} Nh7 {[%clk 0:08:29]} 25. Bd3 {[%clk 0:17:23]} Nhf8
{[%clk 0:06:23]} 26. Bxb5 {[%clk 0:15:45]} f6 {[%clk 0:06:52]} 27. exf6
{[%clk 0:14:28]} gxf6 {[%clk 0:07:22]} 28. Nh5 {[%clk 0:12:50]} Kf7
{[%clk 0:07:51]} 29. Qe3 {[%clk 0:11:35]} Kg6 {[%clk 0:06:57]} 30. Qd4
{[%clk 0:07:47]} 1-0

[Event "WYCC Open U12"]
[Site "Porto Carras"]
[Date "2015.10.29"]
[Round "5.9"]
[White "Baasansuren, Erdene"]
[Black "Subelj, Jan"]
[Result "1/2-1/2"]
[BlackElo "2026"]
[WhiteElo "2287"]
[LiveChessVersion "1.4.6"]

1. Nf3 {[%clk 1:30:42]} d5 {[%clk 1:30:41]} 2. c4 {[%clk 1:30:46]} d4
{[%clk 1:30:15]} 3. e3 {[%clk 1:29:42]} Nc6 {[%clk 1:28:02]} 4. exd4
{[%clk 1:25:10]} Nxd4 {[%clk 1:28:16]} 5. Nxd4 {[%clk 1:24:38]} Qxd4
{[%clk 1:28:35]} 6. d3 {[%clk 1:24:18]} Nh6 {[%clk 1:28:32]} 7. Nc3
{[%clk 1:18:06]} c6 {[%clk 1:27:46]} 8. Be2 {[%clk 1:17:03]} Nf5 {[%clk 1:26:36]}
9. O-O {[%clk 1:15:48]} g6 {[%clk 1:20:24]} 10. Ne4 {[%clk 1:14:32]} Qd8
{[%clk 1:16:07]} 11. Bd2 {[%clk 1:12:37]} Bg7 {[%clk 1:15:17]} 12. Bc3
{[%clk 1:09:41]} O-O {[%clk 1:13:04]} 13. Nd2 {[%clk 1:02:49]} Nd4
{[%clk 1:13:04]} 14. Nf3 {[%clk 1:02:54]} Bf5 {[%clk 1:11:51]} 15. Nxd4
{[%clk 0:59:05]} Bxd4 {[%clk 1:12:18]} 16. Qb3 {[%clk 0:58:16]} Rb8
{[%clk 1:11:11]} 17. Rad1 {[%clk 0:55:40]} Qd7 {[%clk 1:09:30]} 18. Bf3
{[%clk 0:53:21]} Rfd8 {[%clk 1:04:09]} 19. Rfe1 {[%clk 0:52:27]} e5
{[%clk 0:56:14]} 20. Qa3 {[%clk 0:45:17]} Re8 {[%clk 0:52:01]} 21. h3
{[%clk 0:37:19]} h5 {[%clk 0:49:26]} 22. Be4 {[%clk 0:33:19]} Be6
{[%clk 0:47:20]} 23. Bf3 {[%clk 0:33:20]} Bf5 {[%clk 0:47:12]} 24. Be4
{[%clk 0:29:56]} Be6 {[%clk 0:44:33]} 25. Bf3 {[%clk 0:28:44]} 1/2-1/2

[Event "WYCC Open U12"]
[Site "Porto Carras"]
[Date "2015.10.29"]
[Round "5.10"]
[White "Gavrilescu, David"]
[Black "Nogerbek, Kazybek"]
[Result "0-1"]
[BlackElo "1986"]
[WhiteElo "2208"]
[LiveChessVersion "1.4.6"]

1. e4 {[%clk 1:30:57]} e6 {[%clk 1:30:54]} 2. d4 {[%clk 1:31:13]} d5
{[%clk 1:31:16]} 3. Nd2 {[%clk 1:31:18]} Nc6 {[%clk 1:31:39]} 4. Ngf3
{[%clk 1:31:01]} Nf6 {[%clk 1:31:59]} 5. e5 {[%clk 1:31:02]} Nd7 {[%clk 1:32:24]}
6. Nb3 {[%clk 1:31:16]} Be7 {[%clk 1:31:17]} 7. Bb5 {[%clk 1:27:37]} a5
{[%clk 1:31:18]} 8. a4 {[%clk 1:27:25]} Na7 {[%clk 1:30:26]} 9. Be2
{[%clk 1:25:19]} b6 {[%clk 1:27:21]} 10. h4 {[%clk 1:23:54]} c5 {[%clk 1:22:42]}
11. Bg5 {[%clk 1:10:50]} Nc6 {[%clk 1:19:52]} 12. Bb5 {[%clk 1:07:41]} Bb7
{[%clk 1:17:32]} 13. c3 {[%clk 1:05:22]} h6 {[%clk 1:15:33]} 14. Bxe7
{[%clk 1:04:58]} Qxe7 {[%clk 1:15:40]} 15. Qe2 {[%clk 1:02:19]} Rc8
{[%clk 1:07:13]} 16. dxc5 {[%clk 0:56:34]} Nxc5 {[%clk 1:03:27]} 17. Nbd4
{[%clk 0:56:35]} O-O {[%clk 1:02:17]} 18. h5 {[%clk 0:54:20]} Ne4
{[%clk 0:59:33]} 19. Nxc6 {[%clk 0:30:09]} Bxc6 {[%clk 0:59:27]} 20. Bd3
{[%clk 0:30:33]} Nc5 {[%clk 0:56:13]} 21. Bc2 {[%clk 0:30:36]} Bb7
{[%clk 0:54:15]} 22. Nd4 {[%clk 0:28:51]} Qg5 {[%clk 0:50:17]} 23. O-O
{[%clk 0:26:56]} Ba6 {[%clk 0:47:41]} 24. Nb5 {[%clk 0:27:21]} f5
{[%clk 0:45:00]} 25. exf6 {[%clk 0:19:09]} Rxf6 {[%clk 0:41:18]} 26. Rad1
{[%clk 0:17:07]} Rcf8 {[%clk 0:37:43]} 27. Rd4 {[%clk 0:13:55]} Rf4
{[%clk 0:35:07]} 28. g3 {[%clk 0:13:52]} Rf3 {[%clk 0:33:44]} 29. Bg6
{[%clk 0:07:59]} Bb7 {[%clk 0:31:39]} 30. Qd2 {[%clk 0:03:58]} Qf6
{[%clk 0:31:04]} 31. Rg4 {[%clk 0:03:10]} Ne4 {[%clk 0:29:09]} 32. Bxe4
{[%clk 0:02:44]} dxe4 {[%clk 0:29:34]} 33. Rg6 {[%clk 0:02:14]} e3
{[%clk 0:25:55]} 34. Qxe3 {[%clk 0:01:54]} Rxe3 {[%clk 0:24:34]} 35. Rxf6
{[%clk 0:02:19]} Rxg3+ {[%clk 0:24:15]} 36. fxg3 {[%clk 0:02:48]} Rxf6
{[%clk 0:24:38]} 37. Re1 {[%clk 0:01:54]} Kf8 {[%clk 0:23:51]} 38. Nd6
{[%clk 0:01:43]} Ba6 {[%clk 0:22:58]} 39. Kg2 {[%clk 0:00:42]} Ke7
{[%clk 0:23:11]} 40. Ne4 {[%clk 0:31:03]} Bb7 {[%clk 0:52:18]} 41. Kh3
{[%clk 0:20:06]} Rf5 {[%clk 0:51:20]} 42. Kg4 {[%clk 0:18:02]} Re5
{[%clk 0:50:34]} 43. Kf4 {[%clk 0:16:53]} Rxh5 {[%clk 0:50:05]} 44. Nd2
{[%clk 0:12:03]} Rf5+ {[%clk 0:49:39]} 45. Kg4 {[%clk 0:12:27]} Ba6
{[%clk 0:49:11]} 46. b4 {[%clk 0:11:44]} Rd5 {[%clk 0:47:46]} 47. Nf3
{[%clk 0:10:00]} axb4 {[%clk 0:42:28]} 48. cxb4 {[%clk 0:10:24]} Kf6
{[%clk 0:42:37]} 49. Kf4 {[%clk 0:05:29]} Rf5+ {[%clk 0:41:02]} 50. Ke3
{[%clk 0:05:44]} Bb7 {[%clk 0:40:06]} 51. Nd2 {[%clk 0:02:41]} Re5+
{[%clk 0:39:27]} 52. Kf2 {[%clk 0:03:06]} Rxe1 {[%clk 0:36:47]} 53. Kxe1
{[%clk 0:03:35]} Bc6 {[%clk 0:35:51]} 54. a5 {[%clk 0:01:25]} bxa5
{[%clk 0:36:16]} 55. bxa5 {[%clk 0:01:53]} Ke5 {[%clk 0:36:18]} 56. Ke2
{[%clk 0:02:11]} Kd4 {[%clk 0:35:54]} 57. Nf3+ {[%clk 0:00:52]} Kc5
{[%clk 0:35:23]} 58. g4 {[%clk 0:00:34]} Bxf3+ {[%clk 0:18:43]} 59. Kxf3
{[%clk 0:01:03]} g6 {[%clk 0:19:01]} 60. Kf4 {[%clk 0:01:01]} Kb5
{[%clk 0:19:03]} 61. Ke5 {[%clk 0:01:00]} h5 {[%clk 0:19:16]} 62. gxh5
{[%clk 0:01:17]} gxh5 {[%clk 0:19:40]} 63. Kf4 {[%clk 0:01:41]} Kxa5
{[%clk 0:19:59]} 64. Kg5 {[%clk 0:02:07]} Kb5 {[%clk 0:20:25]} 65. Kxh5
{[%clk 0:02:32]} Kc4 {[%clk 0:20:51]} 66. Kg4 {[%clk 0:02:56]} e5
{[%clk 0:21:14]} 67. Kf3 {[%clk 0:03:16]} Kd3 {[%clk 0:21:40]} 68. Kf2
{[%clk 0:03:41]} e4 {[%clk 0:22:05]} 69. Ke1 {[%clk 0:03:34]} Ke3
{[%clk 0:22:31]} 70. Kd1 {[%clk 0:03:48]} Kf2 {[%clk 0:22:56]} 0-1

[Event "WYCC Open U12"]
[Site "Porto Carras"]
[Date "2015.10.29"]
[Round "5.11"]
[White "Nesterov, Arseniy"]
[Black "Nurmamedov, Azat"]
[Result "1/2-1/2"]
[BlackElo "1985"]
[WhiteElo "2132"]
[LiveChessVersion "1.4.6"]

1. e4 {[%clk 1:30:56]} c5 {[%clk 1:30:51]} 2. Nf3 {[%clk 1:31:20]} d6
{[%clk 1:31:16]} 3. Bb5+ {[%clk 1:31:39]} Bd7 {[%clk 1:31:31]} 4. Bxd7+
{[%clk 1:31:58]} Qxd7 {[%clk 1:32:00]} 5. O-O {[%clk 1:32:13]} Nc6
{[%clk 1:32:28]} 6. c3 {[%clk 1:32:19]} Nf6 {[%clk 1:32:56]} 7. Qe2
{[%clk 1:32:39]} e6 {[%clk 1:32:17]} 8. d4 {[%clk 1:33:02]} cxd4 {[%clk 1:32:43]}
9. cxd4 {[%clk 1:33:27]} d5 {[%clk 1:31:42]} 10. e5 {[%clk 1:33:53]} Ne4
{[%clk 1:31:47]} 11. Be3 {[%clk 1:34:11]} Be7 {[%clk 1:30:00]} 12. Ne1
{[%clk 1:34:23]} h6 {[%clk 1:21:06]} 13. f3 {[%clk 1:28:02]} Ng5 {[%clk 1:21:00]}
14. Nd3 {[%clk 1:27:23]} O-O {[%clk 1:16:13]} 15. Nc3 {[%clk 1:16:31]} f5
{[%clk 1:06:54]} 16. Nf4 {[%clk 0:56:41]} Kh7 {[%clk 1:02:34]} 17. h4
{[%clk 0:41:22]} Nf7 {[%clk 1:01:54]} 18. h5 {[%clk 0:41:33]} Nh8
{[%clk 0:58:44]} 19. Qd2 {[%clk 0:38:44]} Rg8 {[%clk 0:55:28]} 20. Nce2
{[%clk 0:33:55]} Bg5 {[%clk 0:43:04]} 21. Nd3 {[%clk 0:26:56]} Bh4
{[%clk 0:26:16]} 22. g3 {[%clk 0:20:59]} Be7 {[%clk 0:23:11]} 23. Kf2
{[%clk 0:21:23]} Rgf8 {[%clk 0:21:57]} 24. Rac1 {[%clk 0:18:38]} a5
{[%clk 0:19:26]} 25. a4 {[%clk 0:12:46]} Bb4 {[%clk 0:13:48]} 26. Nxb4
{[%clk 0:10:35]} Nxb4 {[%clk 0:13:47]} 27. b3 {[%clk 0:08:42]} Rfc8
{[%clk 0:13:32]} 28. Nf4 {[%clk 0:07:06]} Nf7 {[%clk 0:06:07]} 29. Nd3
{[%clk 0:04:45]} Nxd3+ {[%clk 0:05:16]} 30. Qxd3 {[%clk 0:05:11]} Kh8
{[%clk 0:04:43]} 31. Qb5 {[%clk 0:02:32]} Qe7 {[%clk 0:03:17]} 32. Qb6
{[%clk 0:01:15]} Ng5 {[%clk 0:02:59]} 33. Rc5 {[%clk 0:01:08]} Rxc5
{[%clk 0:02:35]} 34. Qxc5 {[%clk 0:00:54]} Qf7 {[%clk 0:03:02]} 35. Bxg5
{[%clk 0:00:50]} hxg5 {[%clk 0:03:30]} 36. Rc1 {[%clk 0:00:38]} g4
{[%clk 0:02:30]} 37. Qd6 {[%clk 0:00:33]} Re8 {[%clk 0:01:50]} 38. Rh1
{[%clk 0:00:37]} gxf3 {[%clk 0:01:41]} 39. Kxf3 {[%clk 0:00:36]} f4
{[%clk 0:02:00]} 40. g4 {[%clk 0:30:53]} Rc8 {[%clk 0:31:32]} 41. Qb6
{[%clk 0:09:22]} Rc3+ {[%clk 0:05:40]} 42. Kf2 {[%clk 0:09:49]} Rc2+ 43. Kf3
{[%clk 0:09:57]} Rc3+ {[%clk 0:04:51]} 44. Kf2 {[%clk 0:10:19]} Rc2+
{[%clk 0:03:35]} 45. Kf3 {[%clk 0:10:19]} Rc3+ {[%clk 0:03:41]} 1/2-1/2